000 00705nam a22002417a 4500
003 UA-OsUOA
001 24156
007 ta
008 20040209b un ||||| |||| 00| 0 ukr d
090 _a323.22/28
_bС91
942 _cBK
040 _aUA-OsUOA
_bukr
_cUA-OsUOA
_dUA-OsUOA
245 _aСуд і осуд. Міністр оборони- проти"Вечірнього Києва", "Вечірній Київ"- проти шмаровщини
_cРед. В.Карпенко
300 _a176 с.
955 _a0
041 _aukr
080 _a323.22/28
020 _a966-7139-00-X
260 _aКиїв
_bВечірній Київ
_c1996
044 _aUA
650 7 _2UDC
999 _c310421
_d310421